书目信息 |
| 题名: |
隋唐五代史
|
|
| 作者: | 吕思勉 著 | |
| 分册: | 上 | |
| 出版信息: | 北京 北京联合出版公司 2014.1 |
|
| 页数: | 394页 | |
| 开本: | 24cm | |
| 丛书名: | 民国大师文库 | |
| 单 册: | ||
| 中图分类: | K241.07 | |
| 科图分类: | ||
| 主题词: | 隋唐时代--Sui Tang Shi Dai--古代史--研究 , 古代史--Gu Dai Shi , 研究--Yan Jiu | |
| 电子资源: | ||
| ISBN: | 978-7-5502-2150-5 | |
| 000 | 00970nam0 22002891 450 | |
| 001 | 349435 | |
| 005 | 20161010153002.09 | |
| 010 | @a978-7-5502-2150-5@dCNY46.00 (全3册138.00) | |
| 100 | @a20140117d2014 em y0chiy0110 ea | |
| 101 | 0 | @achi |
| 102 | @aCN@b110000 | |
| 105 | @ay z 000yy | |
| 106 | @ar | |
| 200 | 1 | @a隋唐五代史@ASui Tang Wu Dai Shi@h上@f吕思勉著 |
| 210 | @a北京@c北京联合出版公司@d2014.1 | |
| 215 | @a394页@d24cm | |
| 225 | 2 | @a民国大师文库@AMin Guo Da Shi Wen Ku |
| 308 | @a文库第一辑 | |
| 330 | @a本书主要内容包括:总论;隋室兴亡;唐之初盛;武韦之乱;开元天宝治乱;安史乱后形势;德宗事迹;顺宪穆敬四朝事迹;文武宣三朝事迹;唐室乱亡等。 | |
| 461 | 0 | @12001 @a民国大师文库 |
| 606 | 0 | @a隋唐时代@ASui Tang Shi Dai@x古代史@x研究 |
| 606 | 0 | @a古代史@AGu Dai Shi |
| 606 | 0 | @a研究@AYan Jiu |
| 690 | @aK241.07@v5 | |
| 701 | 0 | @a吕思勉@ALv Si Mian@f(1884-1957)@4著 |
| 801 | 0 | @aCN@bTANGWEI@20160730 |
| 905 | @b0885000-4@dK241.07@e11:1@f5 | |
| 隋唐五代史.上/吕思勉著.-北京:北京联合出版公司,2014.1 |
| 394页;24cm.-(民国大师文库) |
| ISBN 978-7-5502-2150-5:CNY46.00 (全3册138.00) |
| 本书主要内容包括:总论;隋室兴亡;唐之初盛;武韦之乱;开元天宝治乱;安史乱后形势;德宗事迹;顺宪穆敬四朝事迹;文武宣三朝事迹;唐室乱亡等。 |
| ● |
| 相关链接 |
|
|
|
|
正题名:隋唐五代史
索取号:K241.07/11:1
 
预约/预借
| 序号 | 登录号 | 条形码 | 馆藏地/架位号 | 状态 | 备注 |
| 1 | 0885000 | 208850000 | 第二样本阅览室/ [索取号:K241.07/11:1] | 在馆 | |
| 2 | 0885001 | 208850019 | 密集书库-史法系/ [索取号:K241.07/11:1] | 在馆 | |
| 3 | 0885002 | 208850028 | 第二借阅区/ [索取号:K241.07/11:1] | 在馆 | |
| 4 | 0885003 | 208850037 | 第二借阅区/ [索取号:K241.07/11:1] | 在馆 | |
| 5 | 0885004 | 208850046 | 第二借阅区/ [索取号:K241.07/11:1] | 在馆 |